[Event "4NCL Division 3 Central"]
[Site "Leamington Spa, ENG"]
[Date "2022.03.26"]
[Round "5.11"]
[White "Okhai, Shabir"]
[Black "Sygnowski, Tomasz"]
[Result "1-0"]
[WhiteElo "2113"]
[BlackElo "2144"]
[PlyCount "77"]
[EventDate "2022.03.26"]
[WhiteTeam "The Rookies"]
[BlackTeam "Wood Green Monarchs"]

{[%evp 0,15,25,25,40,36,36,38,66,8,7,12,32,25,33,0,63,61]} 1. e4 e6 2. d4 d5 3.
Nc3 Nf6 4. e5 Nfd7 5. f4 c5 6. Nf3 Nc6 7. Be3 a5 8. Bb5 Qb6 9. Qd2 cxd4 10.
Nxd4 Nxd4 11. Bxd4 Bc5 12. O-O-O O-O 13. Bxd7 Bxd7 14. h4 Rfc8 15. Rh3 a4 16.
f5 Bxd4 17. Qxd4 Qd8 18. f6 Rc4 19. Qf2 Rac8 20. Rg3 g6 21. a3 Qc7 22. Qe3 Rxh4
23. Rh3 Rxh3 24. gxh3 Qc5 25. Qh6 Qf8 26. Qe3 h5 27. Ne4 Bc6 28. Nd6 Rd8 29.
Qf4 Rd7 30. Rg1 Kh7 31. Rg5 Rc7 32. Kb1 Rd7 33. Qg3 b5 34. h4 Ra7 35. Qc3 Qa8
36. Qg3 Qf8 37. Qg1 Rc7 38. Qb6 Qd8 39. Nxf7 1-0

[Event "4NCL Division 3 Central"]
[Site "Leamington Spa, ENG"]
[Date "2022.03.26"]
[Round "5.12"]
[White "Parry, Samuel"]
[Black "Burrows, Martin P"]
[Result "0-1"]
[WhiteElo "2002"]
[BlackElo "2110"]
[PlyCount "80"]
[EventDate "2022.03.26"]
[WhiteTeam "Wood Green Monarchs"]
[BlackTeam "The Rookies"]

1. d4 Nf6 2. Bg5 e6 3. e4 h6 4. Bxf6 Qxf6 5. c3 d5 6. Nd2 c5 7. Ngf3 cxd4 8.
Nxd4 Bc5 9. N2b3 Bb6 10. Bb5+ Bd7 11. Bxd7+ Nxd7 12. exd5 Qe5+ 13. Qe2 Qxd5 14.
O-O O-O 15. Rad1 Nf6 16. c4 Qg5 17. f4 Qg4 18. Qe5 Rac8 19. Kh1 Bc7 20. Qe3
Rfe8 21. h3 Qg6 22. Rde1 a6 23. Qf3 Nh5 24. Ne2 b6 25. g4 Nf6 26. Ned4 h5 27.
g5 Nd7 28. h4 Bb8 29. Re2 Nf8 30. f5 exf5 31. Nxf5 Rxe2 32. Qxe2 Qc6+ 33. Kg1
Ng6 34. Qxh5 Re8 35. Nbd4 Qc7 36. Nf3 Qf4 37. N5d4 Qg3+ 38. Kh1 Nf4 39. Qxf7+
Kxf7 40. g6+ Kg8 0-1

[Event "4NCL Division 3 Central"]
[Site "Leamington Spa, ENG"]
[Date "2022.03.26"]
[Round "5.13"]
[White "Jones, Christopher M"]
[Black "Larkin, Benjamin"]
[Result "1/2-1/2"]
[WhiteElo "2139"]
[BlackElo "1999"]
[PlyCount "77"]
[EventDate "2022.03.26"]
[WhiteTeam "The Rookies"]
[BlackTeam "Wood Green Monarchs"]

1. e4 c6 2. d4 d5 3. exd5 cxd5 4. c4 Nf6 5. Nc3 Nc6 6. Nf3 Be6 7. c5 g6 8. Qb3
Na5 9. Qa4+ Bd7 10. Bb5 Nc6 11. Ne5 Qc8 12. Bg5 Ne4 13. Nxe4 dxe4 14. Nxd7 Qxd7
15. Rd1 e6 16. Bf6 Rg8 17. O-O Be7 18. Bxe7 Kxe7 19. Rfe1 a6 20. Bxc6 Qxc6 21.
Qxc6 bxc6 22. Rxe4 Rab8 23. b3 Rgd8 24. Re3 Rd5 25. Red3 Rbd8 26. f4 a5 27. Kf2
Rb8 28. Ke3 g5 29. fxg5 Rxg5 30. g3 h5 31. Rb1 h4 32. Kf2 hxg3+ 33. Rxg3 Rh5
34. h3 Rd8 35. Ke3 e5 36. dxe5 Rxe5+ 37. Kf4 Rxc5 38. Re1+ Kf6 39. Ree3 1/2-1/2

[Event "4NCL Division 3 Central"]
[Site "Leamington Spa, ENG"]
[Date "2022.03.26"]
[Round "5.14"]
[White "Harrison, James"]
[Black "Compton, Alistair"]
[Result "0-1"]
[WhiteElo "1875"]
[BlackElo "2048"]
[PlyCount "120"]
[EventDate "2022.03.26"]
[WhiteTeam "Wood Green Monarchs"]
[BlackTeam "The Rookies"]

1. e4 e6 2. d4 d5 3. e5 c5 4. c3 Bd7 5. Nf3 a6 6. a4 Nc6 7. Be2 cxd4 8. cxd4
Nge7 9. O-O Nf5 10. Na3 Rc8 11. Nc2 Be7 12. Bd3 Qb6 13. Bxf5 exf5 14. Qd3 O-O
15. Rd1 Kh8 16. Ne3 Nb4 17. Qb1 Qe6 18. Bd2 f4 19. Bxb4 fxe3 20. Bxe7 exf2+ 21.
Kxf2 Qxe7 22. b4 Rc4 23. b5 axb5 24. axb5 Rb4 25. Qc1 Rxb5 26. Qf4 h6 27. Ra7
Rb2+ 28. Rd2 Qb4 29. Rxb2 Qxb2+ 30. Kg3 Qb6 31. Ra3 Qg6+ 32. Kf2 Rc8 33. Ra2
Rc2+ 34. Rxc2 Qxc2+ 35. Kg1 Kg8 36. Qh4 Qc1+ 37. Kf2 Qc2+ 38. Kg1 Be6 39. Qd8+
Kh7 40. Qb6 Qc6 41. Qxc6 bxc6 42. Kf2 Bf5 43. Nd2 Bc2 44. Kg3 Kg8 45. h4 Kf8
46. Kf4 Ke7 47. g4 Ke6 48. g5 hxg5+ 49. hxg5 Kd7 50. Nf3 Bd1 51. Nh4 g6 52. Ng2
c5 53. dxc5 Kc6 54. Ne3 Bb3 55. Ng4 Kxc5 56. Nh6 d4 57. Ke4 Bc4 58. Kf3 Kb4 59.
Kf2 Kc3 60. Ke1 d3 0-1

[Event "4NCL Division 3 Central"]
[Site "Leamington Spa, ENG"]
[Date "2022.03.26"]
[Round "5.15"]
[White "Gibson, Christopher A"]
[Black "Dias, Ruwan"]
[Result "1/2-1/2"]
[WhiteElo "1850"]
[BlackElo "1653"]
[PlyCount "54"]
[EventDate "2022.03.26"]
[WhiteTeam "The Rookies"]
[BlackTeam "Wood Green Monarchs"]

1. e4 e6 2. d4 d5 3. Nc3 Bb4 4. e5 c5 5. a3 Bxc3+ 6. bxc3 Ne7 7. Qg4 Qc7 8.
Qxg7 Rg8 9. Qxh7 cxd4 10. Ne2 dxc3 11. f4 Nbc6 12. h4 Bd7 13. h5 O-O-O 14. Qd3
Nf5 15. Rb1 d4 16. Rg1 Nfe7 17. g4 Rh8 18. Bg2 a6 19. Qc4 Be8 20. Ng3 Na5 21.
Qxc7+ Kxc7 22. Be4 Bc6 23. Bxc6 Nexc6 24. Ke2 d3+ 25. cxd3 Nd4+ 26. Kf2 Ndb3
27. Ke3 Nc5 1/2-1/2

[Event "4NCL Division 3 Central"]
[Site "Leamington Spa, ENG"]
[Date "2022.03.26"]
[Round "5.16"]
[White "Willow, Hambel M"]
[Black "Jaszkiwskyj, Peter"]
[Result "1/2-1/2"]
[WhiteElo "1638"]
[BlackElo "1877"]
[PlyCount "145"]
[EventDate "2022.03.26"]
[WhiteTeam "Wood Green Monarchs"]
[BlackTeam "The Rookies"]

1. d4 d5 2. c4 e6 3. Nc3 Nf6 4. Bg5 Be7 5. Nf3 Nbd7 6. e3 c6 7. Qc2 O-O 8. Bd3
dxc4 9. Bxc4 Nd5 10. Bxe7 Qxe7 11. a3 Re8 12. O-O Nxc3 13. bxc3 e5 14. e4 exd4
15. cxd4 c5 16. Rfe1 cxd4 17. Nxd4 Nf8 18. Rad1 Bg4 19. Rd3 Rac8 20. Qb3 Bh5
21. Nf5 Qc7 22. Nd6 Bg6 23. Nxc8 Rxc8 24. Bd5 b6 25. Qb5 Qc2 26. Bb3 Qc7 27.
Qd5 Qe7 28. h3 Qc7 29. Red1 Qe7 30. Re3 Rc5 31. Qd8 Qe5 32. Qd6 Qe8 33. Rd5
Rc1+ 34. Kh2 Qc8 35. e5 Rc6 36. Qe7 Rc7 37. Rd8 Qxh3+ 38. Rxh3 Rxe7 39. Rc3 Bf5
40. Bc2 Be6 41. f4 f5 42. Rc6 Kf7 43. Rdd6 g6 44. Kg3 Ba2 45. Rf6+ Kg7 46. Rc8
Ne6 47. Ba4 Nd4 48. Rd8 Ne6 49. Rd7 Rxd7 50. Bxd7 Nc5 51. Bc6 Be6 52. Kf3 Kg8
53. Ke3 Kg7 54. Kd4 Nb3+ 55. Kc3 Nc5 56. a4 a5 57. g3 Kg8 58. Rxe6 Nxe6 59. Bd5
Kf7 60. Kc4 Ke7 61. Bxe6 Kxe6 62. Kb5 h5 63. Kxb6 g5 64. fxg5 f4 65. gxf4 Kf5
66. Kc7 h4 67. Kd7 h3 68. e6 h2 69. e7 h1=Q 70. e8=Q Qb7+ 71. Kd8 Qb8+ 72. Kd7
Qb7+ 73. Kd8 1/2-1/2

[Event "4NCL Division 3 Central"]
[Site "Leamington Spa, ENG"]
[Date "2022.03.26"]
[Round "5.21"]
[White "Brackmann, Hendrik"]
[Black "Midhun, P U.."]
[Result "1-0"]
[WhiteElo "2083"]
[BlackElo "2175"]
[PlyCount "41"]
[EventDate "2022.03.26"]
[WhiteTeam "Oxford 2"]
[BlackTeam "West is Best 2"]

1. e4 e5 2. Nf3 Nc6 3. Bc4 Bc5 4. c3 Nf6 5. d4 exd4 6. e5 d5 7. Bb5 Ne4 8. cxd4
Bb6 9. Nc3 O-O 10. Be3 Bg4 11. h3 Bh5 12. Qc2 Bxf3 13. gxf3 Ng5 14. O-O-O Nxf3
15. Bxc6 bxc6 16. Qf5 Nh4 17. Qg4 Ng6 18. h4 Qc8 19. Qg5 Kh8 20. h5 f6 21. hxg6
1-0

[Event "4NCL Division 3 Central"]
[Site "Leamington Spa, ENG"]
[Date "2022.03.26"]
[Round "5.22"]
[White "Southcott-Moyers, Indy"]
[Black "Finn, Christopher"]
[Result "1/2-1/2"]
[WhiteElo "2048"]
[BlackElo "1942"]
[PlyCount "36"]
[EventDate "2022.03.26"]
[WhiteTeam "West is Best 2"]
[BlackTeam "Oxford 2"]

1. d4 e6 2. Nf3 d5 3. c4 Nf6 4. Nc3 Be7 5. Bf4 O-O 6. e3 b6 7. cxd5 Nxd5 8.
Nxd5 exd5 9. Bd3 Bb4+ 10. Nd2 c5 11. a3 Bxd2+ 12. Qxd2 cxd4 13. exd4 Re8+ 14.
Be3 Ba6 15. Bxa6 Nxa6 16. O-O Nc7 17. Rac1 Qd7 18. Rc2 Rac8 1/2-1/2

[Event "4NCL Division 3 Central"]
[Site "Leamington Spa, ENG"]
[Date "2022.03.26"]
[Round "5.23"]
[White "Murawski, Jan"]
[Black "Bullen, Alex"]
[Result "0-1"]
[WhiteElo "1853"]
[BlackElo "2056"]
[PlyCount "52"]
[EventDate "2022.03.26"]
[WhiteTeam "Oxford 2"]
[BlackTeam "West is Best 2"]

1. d4 d5 2. c4 e6 3. Nc3 Bb4 4. Nf3 Nf6 5. Bg5 h6 6. Bh4 dxc4 7. Qa4+ Nc6 8.
Bxf6 Qxf6 9. e3 O-O 10. Bxc4 e5 11. d5 e4 12. Nd4 Nxd4 13. exd4 Bxc3+ 14. bxc3
Qg5 15. Qc2 Qxg2 16. O-O-O Qg5+ 17. Kb2 Bf5 18. Rhg1 Qf6 19. Qe2 a6 20. Rg3 b5
21. Bb3 a5 22. Rdg1 g6 23. Qxb5 a4 24. d6 axb3 25. dxc7 Rxa2+ 26. Kxb3 Qa6 0-1

[Event "4NCL Division 3 Central"]
[Site "Leamington Spa, ENG"]
[Date "2022.03.26"]
[Round "5.24"]
[White "Freeland, Alex"]
[Black "Matta, Francesca"]
[Result "1-0"]
[WhiteElo "1973"]
[BlackElo "1940"]
[PlyCount "111"]
[EventDate "2022.03.26"]
[WhiteTeam "West is Best 2"]
[BlackTeam "Oxford 2"]

1. d4 d5 2. c4 dxc4 3. e3 Nf6 4. Bxc4 e6 5. Nf3 Be7 6. O-O O-O 7. Nc3 a6 8. Qe2
b5 9. Bb3 c5 10. dxc5 Bxc5 11. e4 Bb7 12. Bg5 Be7 13. Rfd1 Nfd7 14. Bf4 b4 15.
Na4 Bc6 16. Nd4 Qe8 17. Rac1 e5 18. Nxc6 exf4 19. Bd5 Bg5 20. Rc4 Nf6 21. Ne7+
Qxe7 22. Bxa8 Nbd7 23. Bd5 f3 24. Qxf3 Ne5 25. Qe2 Nxc4 26. Qxc4 Nxd5 27. exd5
Qd6 28. Qc5 Rd8 29. Qxd6 Rxd6 30. Nc5 f5 31. Kf1 Kf7 32. Nb7 Rd7 33. Na5 Bf6
34. Rd2 g5 35. Nc6 Bc3 36. bxc3 bxc3 37. Rc2 Rxd5 38. Rxc3 Rb5 39. Nd4 Rb1+ 40.
Ke2 f4 41. Rc7+ Ke8 42. Kf3 Rb2 43. Rc2 Rb6 44. Rc6 Rb4 45. Ne6 a5 46. Nxg5 Rb2
47. Nxh7 Rxa2 48. Nf6+ Kf7 49. Nd5 a4 50. Rf6+ Kg7 51. Ra6 a3 52. Nxf4 Ra1 53.
h3 Ra2 54. Ne6+ Kf7 55. Nd4 Ra1 56. Nc2 1-0

[Event "4NCL Division 3 Central"]
[Site "Leamington Spa, ENG"]
[Date "2022.03.26"]
[Round "5.25"]
[White "Terry, Sean"]
[Black "Taylor, William J"]
[Result "0-1"]
[WhiteElo "1921"]
[BlackElo "1952"]
[PlyCount "36"]
[EventDate "2022.03.26"]
[WhiteTeam "Oxford 2"]
[BlackTeam "West is Best 2"]

1. d4 Nf6 2. Nf3 g6 3. g3 Bg7 4. Nc3 d5 5. Bg2 O-O 6. O-O b6 7. Bf4 Bb7 8. Nb5
Na6 9. Qc1 c6 10. Na3 Re8 11. c4 Rc8 12. Bh3 e6 13. Bg5 Qd6 14. Ne5 Nd7 15.
Nxd7 Qxd7 16. Rd1 dxc4 17. Nxc4 c5 18. dxc5 Qc6 0-1

[Event "4NCL Division 3 Central"]
[Site "Leamington Spa, ENG"]
[Date "2022.03.26"]
[Round "5.26"]
[White "Davies, Matthew"]
[Black "Phan, Stefanus K F"]
[Result "1/2-1/2"]
[WhiteElo "1894"]
[BlackElo "1789"]
[PlyCount "100"]
[EventDate "2022.03.26"]
[WhiteTeam "West is Best 2"]
[BlackTeam "Oxford 2"]

1. d4 d5 2. c4 e6 3. Nc3 Nf6 4. cxd5 exd5 5. Bg5 c6 6. e3 Be7 7. Bd3 O-O 8. Qc2
h6 9. Bh4 a5 10. Nf3 Nbd7 11. O-O Re8 12. h3 Ne4 13. Bxe7 Qxe7 14. Rae1 Ndf6
15. Nd2 Bd7 16. Ndxe4 Nxe4 17. Nxe4 dxe4 18. Be2 Qg5 19. Qc5 Qxc5 20. dxc5 Re5
21. Rc1 Be6 22. Bc4 Bxc4 23. Rxc4 Rd8 24. Rfc1 Kf8 25. R1c2 Rd1+ 26. Kh2 Red5
27. a3 Ke7 28. b4 R1d3 29. a4 axb4 30. Rxb4 Rd7 31. g4 Ke6 32. Kg3 f5 33. a5
R3d5 34. Rb6 Rc7 35. Rb4 g6 36. f3 exf3 37. Kxf3 Ke5 38. gxf5 gxf5 39. Rc3 Rf7
40. Rh4 Rh7 41. Rb4 Rg7 42. Rb6 Rc7 43. Rc2 Rd3 44. Rcb2 f4 45. Rxb7 Rxe3+ 46.
Kg2 Rg3+ 47. Kh2 Rxb7 48. Rxb7 Ra3 49. Ra7 Ra2+ 50. Kg1 Ke4 1/2-1/2

[Event "4NCL Division 3 Central"]
[Site "Leamington Spa, ENG"]
[Date "2022.03.26"]
[Round "5.31"]
[White "Brown, Thomas"]
[Black "Pal, Rohan"]
[Result "1/2-1/2"]
[WhiteElo "2175"]
[BlackElo "1976"]
[PlyCount "83"]
[EventDate "2022.03.26"]
[WhiteTeam "Rhyfelwyr Essyllwg"]
[BlackTeam "Warwickshire Select 2"]

1. d4 Nf6 2. Nf3 d5 3. c3 e6 4. Bf4 Bd6 5. e3 c5 6. Nbd2 Nc6 7. Bg3 O-O 8. Bb5
Qe7 9. Bxc6 bxc6 10. Qa4 Bd7 11. Bxd6 Qxd6 12. Qa3 Rab8 13. dxc5 Qc7 14. O-O e5
15. h3 Be6 16. e4 Nxe4 17. Nxe4 dxe4 18. Nd2 f5 19. b3 Rbd8 20. Nc4 Bxc4 21.
bxc4 Rd2 22. Rfd1 Rfd8 23. Rxd2 Rxd2 24. Rb1 h6 25. Qa6 Rd7 26. Qa4 Kh7 27. Rd1
Rd3 28. Rb1 Qd7 29. Qa6 Rd1+ 30. Rxd1 Qxd1+ 31. Kh2 Qd7 32. Qa4 f4 33. f3 exf3
34. Qc2+ Kh8 35. gxf3 Kg8 36. Qe4 Kf7 37. h4 Qd2+ 38. Kh3 Qd7+ 39. Kg2 Qd2+ 40.
Kh1 Qd1+ 41. Kg2 Qd2+ 42. Kh1 1/2-1/2

[Event "4NCL Division 3 Central"]
[Site "Leamington Spa, ENG"]
[Date "2022.03.26"]
[Round "5.32"]
[White "Sandhu, Manvith"]
[Black "Young, Alan"]
[Result "1/2-1/2"]
[WhiteElo "1919"]
[BlackElo "2092"]
[PlyCount "86"]
[EventDate "2022.03.26"]
[WhiteTeam "Warwickshire Select 2"]
[BlackTeam "Rhyfelwyr Essyllwg"]

1. e4 e5 2. Nf3 Nc6 3. Bb5 a6 4. Ba4 Nf6 5. d3 b5 6. Bb3 Be7 7. O-O d6 8. c3
O-O 9. Re1 Be6 10. Nbd2 Bxb3 11. axb3 Re8 12. Nf1 Bf8 13. Bg5 Nb8 14. d4 Nbd7
15. dxe5 Nxe5 16. Nxe5 dxe5 17. Qf3 Re6 18. Ne3 c6 19. Nf5 Qc7 20. h4 Ne8 21.
h5 f6 22. Be3 Nd6 23. g4 Nf7 24. Nh4 c5 25. Qg3 Rd8 26. Nf5 Rd3 27. Qh4 Qb7 28.
g5 fxg5 29. Bxg5 Nxg5 30. Qxg5 Kh8 31. Re3 Rxe3 32. Qxe3 Qf7 33. Qh3 g6 34.
hxg6 Rxg6+ 35. Ng3 Qxb3 36. Qc8 Rg8 37. Rxa6 Rxg3+ 38. fxg3 Qd1+ 39. Kf2 Qd2+
40. Kf1 Qd1+ 41. Kf2 Qd2+ 42. Kf3 Qd1+ 43. Kg2 Qe2+ 1/2-1/2

[Event "4NCL Division 3 Central"]
[Site "Leamington Spa, ENG"]
[Date "2022.03.26"]
[Round "5.33"]
[White "Trevelyan, John"]
[Black "Dicen, Imogen"]
[Result "0-1"]
[WhiteElo "1989"]
[BlackElo "1881"]
[PlyCount "94"]
[EventDate "2022.03.26"]
[WhiteTeam "Rhyfelwyr Essyllwg"]
[BlackTeam "Warwickshire Select 2"]

1. d4 e6 2. c4 f5 3. Nc3 Nf6 4. Bg5 Be7 5. Bxf6 Bxf6 6. e4 fxe4 7. Nxe4 O-O 8.
Nf3 d5 9. Nxf6+ Qxf6 10. Bd3 c6 11. O-O Nd7 12. Qc2 Qh6 13. Rae1 Nf6 14. Ne5
Qh4 15. f4 dxc4 16. Bxc4 Nd5 17. g3 Qh6 18. Ng4 Qh3 19. Nf2 Qh6 20. Re5 Bd7 21.
Qe2 Qf6 22. Ng4 Qf7 23. Rg5 Kh8 24. Ne5 Qe7 25. Bd3 Be8 26. Rh5 Nf6 27. Bg6 Kg8
28. Bxe8 Rfxe8 29. Rg5 c5 30. Nf3 cxd4 31. Nxd4 Rad8 32. Nf3 Qb4 33. Re5 Qb6+
34. Kg2 Ng4 35. Re4 Qc6 36. Re1 Rd6 37. Kh3 Nf6 38. Re5 Nd7 39. Re3 Qd5 40. Ng5
e5 41. fxe5 Rh6+ 42. Kg4 Rg6 43. h4 h6 44. Qc2 Qe6+ 45. Kh5 Rxg5+ 46. hxg5 Qh3+
47. Kg6 Re6# 0-1

[Event "4NCL Division 3 Central"]
[Site "Leamington Spa, ENG"]
[Date "2022.03.26"]
[Round "5.34"]
[White "Dicen, Elis Denele"]
[Black "Heaven, Pete"]
[Result "1-0"]
[WhiteElo "1917"]
[BlackElo "1979"]
[PlyCount "85"]
[EventDate "2022.03.26"]
[WhiteTeam "Warwickshire Select 2"]
[BlackTeam "Rhyfelwyr Essyllwg"]

1. d4 Nf6 2. Bg5 d5 3. Bxf6 exf6 4. e3 Bd6 5. c4 dxc4 6. Bxc4 O-O 7. Nc3 f5 8.
Nf3 Nd7 9. O-O Nf6 10. Rc1 c6 11. a3 a5 12. Qc2 Re8 13. Rfd1 Qe7 14. d5 b5 15.
Bb3 b4 16. axb4 axb4 17. Na4 c5 18. Nxc5 Ne4 19. Na4 Ba6 20. Nb6 Rab8 21. Nc4
Rbc8 22. Qe2 Rc7 23. Qe1 Bc5 24. Nd4 Bxd4 25. Rxd4 Rec8 26. d6 Nxd6 27. Qxb4
Bxc4 28. Qxd6 Qxd6 29. Rxd6 g6 30. Bxc4 Rxc4 31. Rxc4 Rxc4 32. g3 Rb4 33. Rd2
Kg7 34. Kf1 g5 35. Ke2 Rb3 36. Kd1 f4 37. exf4 gxf4 38. Kc2 Rb6 39. Kc3 Kf6 40.
b4 Kf5 41. Kc4 f3 42. Kc5 Re6 43. Rd4 1-0

[Event "4NCL Division 3 Central"]
[Site "Leamington Spa, ENG"]
[Date "2022.03.26"]
[Round "5.35"]
[White "Van Kemenade, Rudy"]
[Black "Ingram, Keith R"]
[Result "1/2-1/2"]
[WhiteElo "1924"]
[BlackElo "1867"]
[PlyCount "112"]
[EventDate "2022.03.26"]
[WhiteTeam "Rhyfelwyr Essyllwg"]
[BlackTeam "Warwickshire Select 2"]

1. f4 d5 2. Nf3 c5 3. g3 e6 4. Bg2 Nf6 5. d3 Nc6 6. O-O Be7 7. c3 Qc7 8. Na3 a6
9. Qe1 b5 10. e4 dxe4 11. dxe4 Bb7 12. e5 Nd7 13. Be3 Nb6 14. Rd1 b4 15. Nb1
O-O 16. b3 Nd5 17. Bf2 a5 18. c4 Nb6 19. Nbd2 a4 20. Ne4 axb3 21. axb3 Na5 22.
Rb1 Rfd8 23. Qe2 Rd7 24. g4 Rad8 25. f5 exf5 26. gxf5 f6 27. exf6 Bxe4 28. Qxe4
Bxf6 29. Qe6+ Kh8 30. Bg3 Qa7 31. Qe3 Nbxc4 32. bxc4 Nxc4 33. Qe6 Na3 34. Rbe1
h6 35. Ne5 Bxe5 36. Bxe5 c4+ 37. Kh1 Nc2 38. Qxh6+ Kg8 39. Qe6+ Rf7 40. Re4 Ne3
41. Rxc4 Nxc4 42. Qxc4 Qa5 43. Bc7 Qxc7 44. Bd5 Qxc4 45. Bxc4 Kf8 46. Bxf7 Kxf7
47. Kg2 Rd3 48. Rf4 b3 49. Rb4 Kf6 50. Rb5 Kg5 51. Kf2 Rc3 52. Ke2 Rh3 53. Kd1
Rxh2 54. Rxb3 Kxf5 55. Ke1 g5 56. Kf1 Ra2 1/2-1/2

[Event "4NCL Division 3 Central"]
[Site "Leamington Spa, ENG"]
[Date "2022.03.26"]
[Round "5.36"]
[White "Cundy, Mark A"]
[Black "McGregor, John"]
[Result "0-1"]
[WhiteElo "1864"]
[BlackElo "1868"]
[PlyCount "94"]
[EventDate "2022.03.26"]
[WhiteTeam "Warwickshire Select 2"]
[BlackTeam "Rhyfelwyr Essyllwg"]

1. e4 e5 2. f4 Nc6 3. Nc3 exf4 4. Nf3 g5 5. g3 fxg3 6. hxg3 Bg7 7. d3 h6 8. Be3
d6 9. Qd2 Bg4 10. Bg2 Qd7 11. O-O-O Bxf3 12. Bxf3 g4 13. Bg2 O-O-O 14. d4 Kb8
15. Kb1 h5 16. Qf2 Bh6 17. Rhf1 Bxe3 18. Qxe3 Rf8 19. Rf5 Nge7 20. Rb5 a6 21.
Rb3 Na5 22. Rb4 Nec6 23. Ra4 b5 24. Rxa5 Nxa5 25. e5 f5 26. e6 Qe8 27. Nd5 Nc4
28. Qe2 c6 29. Nb4 d5 30. Nxa6+ Ka7 31. Nc5 Qe7 32. b3 Nd6 33. a4 Kb6 34. Nd7+
Kc7 35. Nxf8 Rxf8 36. axb5 Nxb5 37. Qe5+ Kb6 38. c4 Nc3+ 39. Kc2 Nxd1 40. Kxd1
Qc7 41. Qe1 Qe7 42. cxd5 cxd5 43. Bxd5 Qd6 44. Qc3 Rd8 45. e7 Re8 46. Bf7 Rxe7
47. Bxh5 Rd7 0-1

[Event "4NCL Division 3 Central"]
[Site "Leamington Spa, ENG"]
[Date "2022.03.26"]
[Round "5.41"]
[White "Mercs, Peter J"]
[Black "Rathbone-Jones, Ifan"]
[Result "1/2-1/2"]
[WhiteElo "1986"]
[BlackElo "1888"]
[PlyCount "115"]
[EventDate "2022.03.26"]
[WhiteTeam "Ashfield 1"]
[BlackTeam "West is Best 3"]

1. e4 d6 2. d4 g6 3. Nf3 Nf6 4. Nc3 Bg7 5. Bc4 c6 6. Bb3 b5 7. Qe2 b4 8. Nb1
Ba6 9. Bc4 Bxc4 10. Qxc4 Nxe4 11. Nbd2 Nxd2 12. Bxd2 a5 13. h4 h5 14. O-O-O d5
15. Qd3 Nd7 16. Ng5 Qb6 17. Qf3 Nf6 18. Qf4 a4 19. Rde1 a3 20. b3 Ra7 21. f3 e6
22. Qd6 Bf8 23. Qe5 Be7 24. g4 Qc7 25. Qe2 Nd7 26. Nxf7 Rh7 27. Ng5 Bxg5 28.
Bxg5 Nf8 29. gxh5 Rxh5 30. Qd2 Rb7 31. Re2 Qf7 32. f4 Kd7 33. Rhe1 Rh8 34. Re5
Rb5 35. Qd3 Rh5 36. Kb1 Rh7 37. c3 bxc3 38. Qxc3 Qe8 39. Rc1 Qa8 40. Re2 Kd6
41. Qg3 Kd7 42. Rec2 Rb6 43. Bf6 Qe8 44. Qc3 Kc7 45. Qa5 Kb7 46. Qxa3 Nd7 47.
Bg5 Qh8 48. Qa4 Nb8 49. Re1 Qf8 50. Rc5 Na6 51. Ra5 Qf5+ 52. Kb2 Qd3 53. Rc1
Rf7 54. a3 Rf8 55. Rc3 Qd2+ 56. Rc2 Qd3 57. Rc3 Qd2+ 58. Rc2 1/2-1/2

[Event "4NCL Division 3 Central"]
[Site "Leamington Spa, ENG"]
[Date "2022.03.26"]
[Round "5.42"]
[White "Jukes, Sam"]
[Black "Naylor, Michael A"]
[Result "1/2-1/2"]
[WhiteElo "1843"]
[BlackElo "1948"]
[PlyCount "212"]
[EventDate "2022.03.26"]
[WhiteTeam "West is Best 3"]
[BlackTeam "Ashfield 1"]

1. e4 e5 2. Nf3 Nc6 3. Bc4 Bc5 4. c3 Nf6 5. d3 a6 6. Bb3 d5 7. Qe2 O-O 8. O-O
d4 9. Bg5 Qd6 10. h3 Nd7 11. Nbd2 Kh8 12. Bd5 f6 13. Bh4 Ndb8 14. Bg3 Be6 15.
Bxe6 Qxe6 16. Nh4 g6 17. Kh2 Nd7 18. c4 a5 19. a3 a4 20. Rfb1 Be7 21. b4 axb3
22. Rxb3 Nc5 23. Rb5 b6 24. f4 exf4 25. Bxf4 g5 26. Bxc7 Bd6+ 27. Bxd6 Qxd6+
28. Kh1 gxh4 29. Rxb6 Rfb8 30. Rxb8+ Rxb8 31. Nf3 Qg3 32. Rf1 Na4 33. Qf2 Qxf2
34. Rxf2 Rb3 35. Nxh4 Kg7 36. Rf3 Rxa3 37. Nf5+ Kf7 38. Nh6+ Kg6 39. Ng4 Ne5
40. Rxf6+ Kg7 41. Ra6 Nxd3 42. Rd6 Nac5 43. Rxd4 Rc3 44. Kh2 Nf4 45. e5 Nfe6
46. Rd2 Rxc4 47. Ra2 Re4 48. Ra3 h5 49. Re3 hxg4 50. Rxe4 Nxe4 51. hxg4 Kg6 52.
g3 Kg5 53. Kg1 Nd4 54. Kf1 Nc5 55. Kf2 Nc6 56. Ke3 Nxe5 57. Kd4 Ncd3 58. Kd5
Nxg4 59. Kd6 Nde5 60. Ke6 Kg6 61. Kd5 Kf5 62. Kd4 Nf3+ 63. Kd5 Ng5 64. Kc4 Ke4
65. Kc5 Kd3 66. Kd5 Kc3 67. Kc5 Ne4+ 68. Kd5 Kd3 69. Ke6 Kd4 70. Kf5 Nef2 71.
Kf4 Kd5 72. Kf3 Kd6 73. Ke2 Ke6 74. Kd2 Ke5 75. Ke2 Ke4 76. Kd2 Nd3 77. Kc3
Nde5 78. Kb4 Kd4 79. Kb5 Nd3 80. Kc6 Ke5 81. Kb5 Kd5 82. Kb6 Nde5 83. Kb5 Nc6
84. Kb6 Nd4 85. Kc7 Kc5 86. Kd7 Kd5 87. Ke7 Ne6 88. Kf7 Ke5 89. Ke7 Nc5 90. Kf7
Nd7 91. Ke7 Ndf6 92. Kf7 Nd5 93. Kg6 Nge3 94. Kf7 Ng4 95. Kg6 Ke6 96. Kg5 Nh2
97. Kh4 Ke5 98. Kh3 Nf3 99. Kg2 Ke4 100. Kf2 Ne3 101. Ke2 Ng4 102. Kf1 Ke3 103.
Kg2 Ke2 104. Kh3 Ne3 105. g4 Kf2 106. g5 Nxg5+ 1/2-1/2

[Event "4NCL Division 3 Central"]
[Site "Leamington Spa, ENG"]
[Date "2022.03.26"]
[Round "5.43"]
[White "Truman, Richard G"]
[Black "Smith, Steve"]
[Result "1-0"]
[WhiteElo "1916"]
[BlackElo "1815"]
[PlyCount "63"]
[EventDate "2022.03.26"]
[WhiteTeam "Ashfield 1"]
[BlackTeam "West is Best 3"]

1. d4 d5 2. c4 c6 3. Nf3 Nf6 4. g3 Bf5 5. cxd5 cxd5 6. Nc3 e6 7. Bg2 Be7 8. O-O
O-O 9. Bf4 Nc6 10. Rc1 h6 11. Ne5 Rc8 12. Qa4 Qb6 13. Nb5 Rfd8 14. Nxc6 bxc6
15. Qxa7 Qxb5 16. Qxe7 Qxb2 17. Be5 Re8 18. Qc5 Qxe2 19. Bxf6 gxf6 20. a4 Qa6
21. a5 Re7 22. Ra1 Rb7 23. Rfc1 Rb5 24. Qe7 Kg7 25. Bf1 Qb7 26. Qxb7 Rxb7 27.
Ba6 Rbc7 28. Bxc8 Rxc8 29. a6 Bd3 30. a7 Ra8 31. Rxc6 Bb5 32. Rb6 1-0

[Event "4NCL Division 3 Central"]
[Site "Leamington Spa, ENG"]
[Date "2022.03.26"]
[Round "5.44"]
[White "Chong, Kimberly"]
[Black "Garnett, John S"]
[Result "0-1"]
[WhiteElo "1790"]
[BlackElo "1863"]
[PlyCount "128"]
[EventDate "2022.03.26"]
[WhiteTeam "West is Best 3"]
[BlackTeam "Ashfield 1"]

1. e4 d5 2. exd5 Nf6 3. d4 Bg4 4. Be2 Bxe2 5. Qxe2 Qxd5 6. Nf3 Nc6 7. c4 Qe4 8.
Qxe4 Nxe4 9. a3 e6 10. b4 O-O-O 11. Be3 Nd6 12. Nbd2 Nf5 13. Nb3 Nxe3 14. fxe3
Be7 15. b5 Nb8 16. Ne5 Rhf8 17. c5 Nd7 18. Nc4 Nf6 19. c6 b6 20. O-O Rd5 21. a4
Ne4 22. Nbd2 Nxd2 23. Nxd2 e5 24. Nb3 exd4 25. exd4 f5 26. Rfe1 Bf6 27. Rad1
Kd8 28. Kf2 Re8 29. Rxe8+ Kxe8 30. Re1+ Kf7 31. Ke3 Rd6 32. Kd3 Re6 33. Rxe6
Kxe6 34. Kc4 g5 35. Nd2 g4 36. h3 Bg5 37. Nf1 gxh3 38. gxh3 Bf4 39. Kd3 Kd5 40.
Ne3+ Ke6 41. Ng2 Bg5 42. Ne1 Kd5 43. Nf3 Be7 44. Ne1 Bf6 45. Nc2 Be7 46. Ne3+
Ke6 47. Ng2 Bg5 48. Ne1 Bh6 49. Nf3 Kd5 50. Ne1 Bf8 51. Ng2 Bd6 52. Ne3+ Ke6
53. d5+ Ke5 54. Kc4 Ke4 55. Nf1 f4 56. Nd2+ Ke3 57. Kc3 f3 58. Nc4+ Kf4 59.
Nxd6 f2 60. Ne8 f1=Q 61. Nxc7 Qxh3+ 62. Kb4 Ke5 63. Ne8 Kxd5 64. Nf6+ Kd4 0-1

[Event "4NCL Division 3 Central"]
[Site "Leamington Spa, ENG"]
[Date "2022.03.26"]
[Round "5.45"]
[White "Combie, Alex B"]
[Black "Saunders, Aron"]
[Result "0-1"]
[WhiteElo "1879"]
[BlackElo "1731"]
[PlyCount "48"]
[EventDate "2022.03.26"]
[WhiteTeam "Ashfield 1"]
[BlackTeam "West is Best 3"]

1. d4 d5 2. c4 c6 3. Nf3 Nf6 4. Nc3 e6 5. e3 Nbd7 6. Qc2 Bd6 7. b3 O-O 8. Bb2
Re8 9. Be2 Qe7 10. O-O e5 11. cxd5 cxd5 12. dxe5 Nxe5 13. Rfd1 Be6 14. Rac1
Rac8 15. Qb1 g6 16. Qa1 Neg4 17. h3 Nxf2 18. Kxf2 Bxh3 19. gxh3 Qxe3+ 20. Kg2
Rxc3 21. Rxc3 Qxe2+ 22. Kg1 Ne4 23. Nd4 Qf2+ 24. Kh1 Qh2# 0-1